00981nam a2200205 4500001000700000003000900007005001700016007000300033008004100036100003100077245031600108260004100424300004400465700004000509700003200549700003300581852002200614999001900636952012000655121018ES-MaACL20230906191654.0t|070214s1923 sp r ||||1| spa d1 aPreiswerk, Gustavo.99374710aAtlas y tratado de Odontología y Estomatología / cdel Doctor Gustavo Preiswerk... ; traducido directamente de la última ed. alemana y anotado por los Doctores D. Bernardino Landete... y D. Francisco Rozábal... ; con un prólogo y un artículo sobre el Somnoformo del... Doctor D. Florestán Aguilar. aMadrid : bLib. Académica, c1923. aVIII, 392 p., 56 lám. ; c19 x 13 cm.1 aLandete Aragó, Bernardino.9699511 aRozabal, Francisco.92119621 aAguilar, Florestán.918691 aES-MaACLjB-11712 c121018d121018 00104070aATENEOMbATENEOMcSPBd2008-01-17eSCl0oB-11712p1126128r2023-02-23 00:00:00w2023-02-23yMONOGRAFIA